Normal view
MARC view
- Phonetics:The Science Of Speech
Entry Topical Term
001 - CONTROL NUMBER
- control field: 1592
003 - CONTROL NUMBER IDENTIFIER
- control field: JO-AjAnu
005 - DATE AND TIME OF LATEST TRANSACTION
- control field: 20230606070550.0
008 - FIXED-LENGTH DATA ELEMENTS
- fixed length control field: 230606|| aca||aabn | a|a d
040 ## - CATALOGING SOURCE
- Original cataloging agency: JO-AjAnu
- Transcribing agency: JO-AjAnu
150 ## - HEADING--TOPICAL TERM
- Topical term or geographic name entry element: Phonetics:The Science Of Speech
670 ## - SOURCE DATA FOUND
- Source citation: Work cat.: (JO-AjAnu)835: Rahilly,Joan تأليف/J.Ball,Martin م.مشارك, author 1591, Phonetics:The Science Of Speech